zpět

Detail výsledku týmu

Base Camp, Přerov

Datum a čas kvízu

35.5 Celkem bodů Celkový počet nahraných bodů na tomto kvízu bez doplňovacích otázek.
2. Pořadí na kvízu Konečné umístění týmu na tomto kvízu.

Zaznamenané odpovědi

# Otázka Odpověď Body Výsledky
1. Státní zastupitelství obvinilo... C 0
2. Americký deník The New York Ti... C 1
3. V pondělí se opět konala benef... Heidi Klum 1
4. V úterý večer zastavila na Pro... B) policejní Škoda Forman z 90. let 1
5. 35letý hokejový obránce, mistr... Michal Kempný 1
6. Téma začneme jednou z nejoblíb... Matěj Kotrba 1
7. V roce 2019 jsme mohli v kinec... Bitva u Midway (v originále Midway) 0
8. Která herečka si zahrála krásn... Diane Kruger 1
9. Půl bodu obdržíte za název fil... Amadeus; Miloš Forman 1
10. Který režisér je podepsán pod... C 1